Online
Catalog

El secreto está en la marca : (Record no. 47954)

MARC details
000 -CABECERA
campo de control de longitud fija 00885nam a2200205 a 4500
001 - NÚMERO DE CONTROL
campo de control 000048466
005 - FECHA Y HORA DE LA ÚLTIMA TRANSACCIÓN
campo de control 20201002061156.0
008 - DATOS DE LONGITUD FIJA--INFORMACIÓN GENERAL
campo de control de longitud fija 190314s2008 dr a 000 0 spa d
040 ## - FUENTE DE LA CATALOGACIÓN
Centro catalogador/agencia de origen DO-SdBNP
Lengua de catalogación spa
Centro/agencia transcriptor BNPHU
082 ## - NÚMERO DE LA CLASIFICACIÓN DECIMAL DEWEY
Número de clasificación xxx
Número de documento/Ítem xxx
245 03 - MENCIÓN DE TÍTULO
Título El secreto está en la marca :
Resto del título una introducción a las marcas para pequeñas y medianas empresas (PYMEs) /
Mención de responsabilidad, etc. prólogo Enrique Ramírez.
260 ## - PUBLICACIÓN, DISTRIBUCIÓN, ETC.
Lugar de publicación, distribución, etc. Santo Domingo, :
Nombre del editor, distribuidor, etc. ONAPI,
Fecha de publicación, distribución, etc. 2008.
300 ## - DESCRIPCIÓN FÍSICA
Extensión 40 p. :
Otras características físicas il. ;
Dimensiones 22 cm.
490 1# - MENCIÓN DE SERIE
Mención de serie Propiedad intelectual y las empresas ;
Designación de volumen o secuencia 1;
505 0# - NOTA DE CONTENIDO CON FORMATO
Título Las marcas --
-- Protección de una marca --
-- Tipos de marcas --
-- Uso de la marca --
-- Haciendo valer los derechos de la marca /
590 ## - NOTA LOCAL (RLIN)
Nota local Inventariado, 2019/YL
710 1# - PUNTO DE ACCESO ADICIONAL--NOMBRE DE ENTIDAD CORPORATIVA
Nombre de entidad corporativa o nombre de jurisdicción como elemento de entrada Ofinina Nacional de la Propiedad Industrial (ONAPI)
9 (RLIN) 75875
700 12 - PUNTO DE ACCESO ADICIONAL--NOMBRE DE PERSONA
Nombre de persona Ramírez, Enrique
Término indicativo de función/relación prol.
9 (RLIN) 75876
830 #0 - PUNTO DE ACCESO ADICIONAL DE SERIE-TÍTULO UNIFORME
Título uniforme Propiedad intelectual y las empresas
Número de parte o sección de la obra 1
9 (RLIN) 75877
Holdings
Estado de retiro Estado de pérdida No para préstamo Código de colección Localización permanente Ubicación/localización actual Ubicación en estantería Fecha de adquisición Número de inventario Total de préstamos Signatura topográfica completa Código de barras Fecha visto por última vez Precio válido a partir de Tipo de ítem Koha
    Excluido de préstamo Patrimonio Dominicano Patrimonio Dominicano Patrimonio Dominicano Depósito 22.03.2019 LF1   xxx xxx 48466-10 25.06.2020 25.06.2020 Libro y Folleto Colección Patrimonio Dominicano

Powered by Koha